000 00421nam a2200181Ia 4500
001 18429
005 20260306171630.0
008 260306s9999||||xx |||||||||||||| ||und||
041 _aESP
082 _a658.404
_bC24
100 _aCampo Arranz, Raquel
_eAUT
245 0 _aGestión de proyectos
260 _c2013
300 _a212 páginas :
_c24 cm.
650 _aGEN
654 _aCAN
942 _cLIB
_dJUS
_fJUS
_2ddc
_n
999 _c18429
_d18429